000 00404nam a2200133Ia 4500
008 220217s9999||||xx |||||||||||||| ||und||
020 _a978-81-203-1478-8
082 _a621.382 2 TOM
100 _aTompkins, Willis, J
_92126
245 0 _aBiomedical digital signal processing
260 _aPrentice hall of india
_bNew Delhi
_c1995
300 _aXIV, 368p.
_b295
650 _aSIGNAL PROCESSING
_9719
999 _c179755
_d179755